Community health nursing services in the Philippines / (Record no. 283842)
[ view plain ]
| 000 -LEADER | |
|---|---|
| fixed length control field | 01181nam a22004217a 4500 |
| 003 - CONTROL NUMBER IDENTIFIER | |
| control field | ELib |
| 005 - DATE AND TIME OF LATEST TRANSACTION | |
| control field | 20150505162048.0 |
| 008 - FIXED-LENGTH DATA ELEMENTS--GENERAL INFORMATION | |
| fixed length control field | 130219t xxu||||| |||| 00| 0 eng d |
| 020 ## - INTERNATIONAL STANDARD BOOK NUMBER | |
| International Standard Book Number | 9719159316 |
| 050 ## - LIBRARY OF CONGRESS CALL NUMBER | |
| Classification number | RT 98 |
| Item number | .R456 2000 |
| 100 ## - MAIN ENTRY--PERSONAL NAME | |
| Personal name | Reyala, Jean P. |
| 245 ## - TITLE STATEMENT | |
| Title | Community health nursing services in the Philippines / |
| Statement of responsibility, etc | Jean P. Reyala [and 8 others]. |
| 250 ## - EDITION STATEMENT | |
| Edition statement | 9th ed. |
| 260 ## - PUBLICATION, DISTRIBUTION, ETC. (IMPRINT) | |
| Place of publication, distribution, etc | Philippines : |
| Name of publisher, distributor, etc | National League of Philippine Government Nurses, Inc. , |
| Date of publication, distribution, etc | 2000. |
| 300 ## - PHYSICAL DESCRIPTION | |
| Extent | 384 pages : |
| Dimensions | 23 cm. |
| Other physical details | illustrations ; |
| 500 ## - GENERAL NOTE | |
| General note | Includes bibliographical reference. |
| 650 ## - SUBJECT ADDED ENTRY--TOPICAL TERM | |
| Topical term or geographic name as entry element | Community health services. |
| 650 ## - SUBJECT ADDED ENTRY--TOPICAL TERM | |
| Topical term or geographic name as entry element | Public health. |
| 700 ## - ADDED ENTRY--PERSONAL NAME | |
| Personal name | Nisce, Zenaida P. |
| 700 ## - ADDED ENTRY--PERSONAL NAME | |
| Personal name | Martinez, Florida R. |
| 700 ## - ADDED ENTRY--PERSONAL NAME | |
| Personal name | Hizon, Nelia F. |
| 700 ## - ADDED ENTRY--PERSONAL NAME | |
| Personal name | Ruzol, Carolina A. |
| 700 ## - ADDED ENTRY--PERSONAL NAME | |
| Personal name | Dequiña, Remy B. |
| 700 ## - ADDED ENTRY--PERSONAL NAME | |
| Personal name | Alcantara, Azucena P. |
| 700 ## - ADDED ENTRY--PERSONAL NAME | |
| Personal name | Bermudez, Ma. Thelma C. |
| 700 ## - ADDED ENTRY--PERSONAL NAME | |
| Personal name | Estipona, Gilda R. |
| 942 ## - ADDED ENTRY ELEMENTS (KOHA) | |
| Source of classification or shelving scheme | Library of Congress Classification |
| Koha item type | Books |
| Withdrawn status | Lost status | Source of classification or shelving scheme | Damaged status | Home library | Current library | Shelving location | Date acquired | Source of acquisition | Total Checkouts | Full call number | Barcode | Date last seen | Price effective from | Koha item type |
|---|---|---|---|---|---|---|---|---|---|---|---|---|---|---|
| Library of Congress Classification | Southville International School Affiliated with Foreign Universities Library | Southville International School Affiliated with Foreign Universities Library | Southville Foreign University Section | 05/05/2015 | Library Fund | RT 98 .R456 2000 | SFU1870 | 05/15/2018 | 05/05/2015 | Books |